000 00668nam a2200217 a 4500
005 20210223125402.0
008 040512s2002 mx r 000 0 spa d
020 _a0130084662
035 _aUPN01000133658
049 _aCG
050 4 _aQA76.76 O6.3
_bN4.4
100 1 _aNemeth, Evi
245 1 0 _aLinux administration handbook /
_cEvi Nemeth, Garth Snyder, Trent R. Hein.
260 _aNew Jersey, EUA :
_bPrentice-Hall PTR,
_cc2002.
300 _a890 p.
650 4 _aLINUX (ARCHIVO PARA COMPUTADORA)
_912671
650 4 _aSISTEMAS OPERATIVOS (COMPUTADORAS)
_95927
700 1 _aSnyder, Garth,
_ecoaut.
700 1 _aHein, Trent R.,
_ecoaut.
905 _aLibro
999 _c105809
_d105809